Billboard #1 Hits of 1989 - Statistics

General Stats
  • This quiz has been taken 77 times
  • The average score is 18 of 32
Answer Stats
Hint Extra Hint Explanation Answer % Correct
We Didn't Start the Fire 9 December (2 wks.) Listen on YouTube Billy Joel
88%
Like a Prayer 22 April (3 wks.) Listen on YouTube Madonna
87%
Another Day in Paradise 23 December (4 wks.) Listen on YouTube Phil Collins
80%
Wind Beneath My Wings 10 June (1 wk.) Listen on YouTube Bette Midler
77%
Eternal Flame 1 April (1 wk.) Listen on YouTube The Bangles
77%
She Drives Me Crazy 15 April (1 wk.) Listen on YouTube Fine Young Cannibals
72%
Right Here Waiting 12 August (3 wks.) Listen on YouTube Richard Marx
70%
Straight Up 11 February (3 wks.) Listen on YouTube Paula Abdul
68%
Blame It on the Rain 25 November (2 wks.) Listen on YouTube Milli Vanilli
67%
If You Don't Know Me by Now 15 July (1 wk.) Listen on YouTube Simply Red
65%
My Prerogative 14 January (1 wk.) Listen on YouTube Bobby Brown
62%
Toy Soldiers 22 July (2 wks.) Listen on YouTube Martika
62%
Hangin' Tough 9 September (1 wk.) Listen on YouTube New Kids on the Block
62%
The Look 8 April (1 wk.) Listen on YouTube Roxette
62%
Listen to Your Heart 4 November (1 wk.) Listen on YouTube Roxette
62%
The Living Years 25 March (1 wk.) Listen on YouTube Mike + The Mechanics
58%
Girl I'm Gonna Miss You 23 September (2 wks.) Listen on YouTube Milli Vanilli
55%
Batdance 5 August (1 wk.) Listen on YouTube Prince
53%
Two Hearts 21 January (2 wks.) Listen on YouTube Phil Collins
52%
Good Thing 8 July (1 wk.) Listen on YouTube Fine Young Cannibals
48%
Forever Your Girl 20 May (2 wks.) Listen on YouTube Paula Abdul
47%
Lost in Your Eyes 4 March (3 wks.) Listen on YouTube Debbie Gibson
45%
I'll Be There for You 13 May (1 wk.) Listen on YouTube Bon Jovi
43%
Cold Hearted 2 September (1 wk.) Listen on YouTube Paula Abdul
42%
When I See You Smile 11 November (2 wks.) Listen on YouTube Bad English
40%
Don't Wanna Lose You 16 September (1 wk.) Listen on YouTube Gloria Estefan
38%
Rock On 3 June (1 wk.) Listen on YouTube Michael Damian
37%
Baby Don't Forget My Number 1 July (1 wk.) Listen on YouTube Milli Vanilli
35%
When I'm with You 4 February (1 wk.) Listen on YouTube Sheriff
35%
Miss You Much 7 October (4 wks.) Listen on YouTube Janet Jackson
32%
Satisfied 24 June (1 wk.) Listen on YouTube Richard Marx
25%
I'll Be Loving You (Forever) 17 June (1 wk.) Listen on YouTube New Kids on the Block
20%
No matching quizzes found
Score Distribution
Percent of People with Each Score
Percentile by Number Answered
Your Score History
You have not taken this quiz